00650nam a2200217Ia 4500003000400000005001700004008004100021020001300062040000700075041000800082082002100090100002900111245002500140260004400165300001300209365001300222906002600235942001200261999001900273952014000292OSt20230506131158.0210423s2006 xx 000 0 und d a19568110 cAL aeng a547.5223b GROM aGROSSEL (Martin).999431 aAlicyclic chemistry. aNew YorkbOxford University Pressc2006 a90,2bPB b150cINR aAlicyclic ; chemistry 2ddccBK c163769d163769 001040708BIOCaSACPGbSACPGd2008-09-11eHigginbothams Pvt Ltdg150.00l0o547.5 GROMpPG010266r2022-08-24 00:00:00w2021-04-26yBK